01783nam a2200481 i 450000100060000000300080000600500170001400600190003100700150005000800410006502000180010602000270012403500230015103500240017403500250019803500220022304000310024505000220027608000140029808200170031210000330032924500690036225000230043126400530045430000410050733600310054833700330057933800430061249000360065550400290069158801240072059001640084465000490100865000330105765000170109065000150110765000170112265500270113979700190116683000370118585600620122299900170128452484FlNmELB20241216232410.0m o d | cr cnu||||||||180309s2017 mx ob 000 0 spa d z9786077447795 a9786077447801 (e-book) a(MiAaPQ)EBC5213572 a(Au-PeEL)EBL5213572 a(CaPaEBR)ebr11493209 a(OCoLC)1105871182 aFINmELBbspaerdacFINmELB 4aPC4111bO819 2017 a811.134.20 a808.04612231 aOseguera Mejía, Eva Lydia.10aTaller de lectura y redacción 2 /cEva Lydia Oseguera Mejía. aSegunda edición. 1aMéxico, D.F. :bGrupo Editorial Patria,c2017. a1 recurso en línea (158 páginas) atextobtxt2rdacontent/spa acomputadorabc2rdamedia/spa arecurso en líneabcr2rdacarrier/spa1 aSerie integral por competencias aContiene bibliografía. aDescripción basada en recurso en línea; Título de la página del título en PDF (e-libro, visto March 9, 2018). aRecurso electrónico. Santa Fe, Arg.: e-libro, 2018. Disponible vía World Wide Web. El acceso puede estar limitado para las bibliotecas afiliadas a e-libro. 0aSpanish languagexComposition and exercises. 0aReadingxStudy and teaching. 0aCalligraphy. 4aEspañol. 4aEnseñanza. 4aLibros electrónicos.2 ae-libro, Corp. 0aSerie integral por competencias.40uhttps://elibro.net/ereader/politecnicointernacional/40519 c52484d52484